Delay and disruption - reducing delays (Record no. 73553)

MARC details
000 -LEADER
fixed length control field 01381cam a2200313 4500
001 - CONTROL NUMBER
control field ABS67029
008 - FIXED-LENGTH DATA ELEMENTS--GENERAL INFORMATION
fixed length control field 031003n2003 000 0 eng u
035 ## - SYSTEM CONTROL NUMBER
System control number (Sirsi) u123837
100 ## - MAIN ENTRY--PERSONAL NAME
Personal name Atkinson, D.
245 ## - TITLE STATEMENT
Title Delay and disruption - reducing delays
260 ## - PUBLICATION, DISTRIBUTION, ETC.
Date of publication, distribution, etc. 2003
490 ## - SERIES STATEMENT
Series statement Cost Engineer
Volume/sequential designation 41(4) July 2003, 12-14(3)
520 ## - SUMMARY, ETC.
Summary, etc. The third in a series this article looks at various aspects of delay, such as the nature of the requirement to reduce delays, mitigation of loss, mitigation of delay, the obligation to mitigate delay or to progress the works. Relates the concept to various forms of contract. (See also Abs66572 and Abs66802).
590 ## - LOCAL NOTE (RLIN)
Local note ABS
650 ## - SUBJECT ADDED ENTRY--TOPICAL TERM
Topical term or geographic name entry element MITIGATION OF LOSS
650 ## - SUBJECT ADDED ENTRY--TOPICAL TERM
Topical term or geographic name entry element DELAY
650 ## - SUBJECT ADDED ENTRY--TOPICAL TERM
Topical term or geographic name entry element DISRUPTION
650 ## - SUBJECT ADDED ENTRY--TOPICAL TERM
Topical term or geographic name entry element BRITISH WESTINGHOUSE CO V UNDERGROUND ELECTRIC RAILWAYS
650 ## - SUBJECT ADDED ENTRY--TOPICAL TERM
Topical term or geographic name entry element WHITE AND CARTER (COUNCILS) LTD V MCGREGOR
650 ## - SUBJECT ADDED ENTRY--TOPICAL TERM
Topical term or geographic name entry element DIMOND V LOVELL
650 ## - SUBJECT ADDED ENTRY--TOPICAL TERM
Topical term or geographic name entry element GARMAC GRAIN CO V FAIRE AND FAIRCLOUGH
650 ## - SUBJECT ADDED ENTRY--TOPICAL TERM
Topical term or geographic name entry element ASCON CONTRACTING LTD V ALFRED MCALPINE CONSTRUCTION (ISLE OF MAN)
650 ## - SUBJECT ADDED ENTRY--TOPICAL TERM
Topical term or geographic name entry element MOTHERWELL BRIDGE CONSTRUCTION LTD V MICAFIL VAKUUMTECHNIK
650 ## - SUBJECT ADDED ENTRY--TOPICAL TERM
Topical term or geographic name entry element DSND SUBSEA LTD V PETROLEUM GEO SERVICES ASA (PGS)
650 ## - SUBJECT ADDED ENTRY--TOPICAL TERM
Topical term or geographic name entry element MIDLAND LAND RECLAMATION LTD V WARREN ENERGY LTD
650 ## - SUBJECT ADDED ENTRY--TOPICAL TERM
Topical term or geographic name entry element TERRELL V MABIE TODD AND CO
690 ## - LOCAL SUBJECT ADDED ENTRY--TOPICAL TERM (OCLC, RLIN)
Topical term or geographic name as entry element BUILT ENVIRONMENT-BUILDING CONTRACT FORMS
942 ## - ADDED ENTRY ELEMENTS (KOHA)
Suppress in OPAC 0
Holdings
Withdrawn status Lost status Source of classification or shelving scheme Damaged status Not for loan Home library Current library Shelving location Date acquired Total Checkouts Full call number Barcode Date last seen Copy number Price effective from Koha item type
    Dewey Decimal Classification     London London Journal article 03/10/2003   ABS67029 123837-1001 06/08/2019 1 06/08/2019 Journal article